000 01509nam a2200337 i 4500
003 peliumch
005 20260109143546.0
007 ta
008 251222t2014 pe ||||gr|||| 00| 0 spa d
020 _a9786124668951
040 _aUMCH
_bspa
_cUMCH
_djmr
_erda
041 0 _aspa
043 _as-pe---
082 _a861.62091/F39
100 1 _a Fernández Cozman, Camilo
_d1965-
_eautor.
245 _a Las técnicas argumentativas y la utopía dialógica en la poesía de César Vallejo /
_cCamilo Fernández Cozman.
250 _aPrimera edición.
264 1 _aLima, Perú ;
_bUniversidad Ricardo Palma.
_c2014
264 4 _c©2014
300 _a144 páginas ;
_c21 cm.
504 _aBibliografía : páginas 137-144
505 _gI :
_tCésar Vallejo en el contexto de la poesía peruana--
_gII :
_tCésar Vallejo y la poesía argumentativa--
_gIII :
_tLas técnicas argumentativas y el modernismo en los Heraldos Negros--
_gIV :
_tLas técnicas argumentativas y la superación del modernismo en trilce--
_gV :
_tLa dimensión argumentativa y el dialogismo de poemas humanos--
_gVI :
_tLa argumentación en masa y la audición múltiple en poemas humanos y España, aparta de mí este cáliz.
521 _aRecomendado para un público general.
650 1 4 _aMateria Vallejo, César, 1892-1938
650 2 4 _aCrítica e interpretación
942 _2ddc
_cLIB
_n0
999 _c53564
_d53564